Psychiatric Mental Health Nursing (Record no. 1354)

MARC details
000 -LEADER
Fixed length control field 00621nam a2200217Ia 4500
003 - CONTROL NUMBER IDENTIFIER
Control field IIN
005 - DATE AND TIME OF LATEST TRANSACTION
Control field 20240201162955.0
008 - FIXED-LENGTH DATA ELEMENTS--GENERAL INFORMATION
Fixed length control field 231217s9999 xx 000 0 und d
020 ## - INTERNATIONAL STANDARD BOOK NUMBER / ISBN
Price Rs.2995.00
International Standard Book Number 9781435400771
040 ## - CATALOGING SOURCE
Original cataloging agency IIN
Language of cataloging English
082 ## - DEWEY DECIMAL CLASSIFICATION NUMBER
Classification number 616.890231
Book Number FRI
100 1# - MAIN ENTRY--PERSONAL NAME
Personal name Frisch, Noreen Cavan
245 1# - TITLE STATEMENT
Title Psychiatric Mental Health Nursing
Statement of responsibility Noreen Cavan Frisch & Lawrence E. Frisch
250 ## - EDITION STATEMENT
Edition statement 4th ed
260 ## - IMPRINT
Name of publisher Delmar Health Care
Place of publication Australia
Date of publication 2011
300 ## - PHYSICAL DESCRIPTION
Page / Vol. No xii, 997p.
650 1# - SUBJECT ADDED ENTRY--TOPICAL TERM
Topical term Mental Health
Form subdivision Nursing
650 1# - SUBJECT ADDED ENTRY--TOPICAL TERM
Topical term Psychiatric
Form subdivision Nursing
700 1# - ADDED ENTRY--PERSONAL NAME
Personal name Frisch, Lawrence E.
942 ## - ADDED ENTRY ELEMENTS (KOHA)
Koha item type Books
Holdings
Withdrawn status Lost status Damaged status Not for loan Collection code Home library Current library Date acquired Price Total Checkouts Call number Accession number Date last seen Price effective from Koha item type
          IDEAL INSTITUTE OF NURSING IDEAL INSTITUTE OF NURSING 17/12/2023 2995.00   616.890231 FRI 1348 17/12/2023 17/12/2023 Books
          IDEAL INSTITUTE OF NURSING IDEAL INSTITUTE OF NURSING 17/12/2023 2995.00   616.890231 FRI 1349 17/12/2023 17/12/2023 Books
© Ideal Institute Of Nursing, All rights reserved.         Powered by Koha